|
|
|
|
| LEADER |
02296nam a2200397 i 4500 |
| 001 |
EBC2030600 |
| 003 |
MiAaPQ |
| 005 |
20200520144314.0 |
| 006 |
m o d | |
| 007 |
cr cnu|||||||| |
| 008 |
150422t20152015enka ob 000 0 eng d |
| 020 |
|
|
|z 9781785600883
|
| 020 |
|
|
|a 9781785600890
|q (electronic bk.)
|
| 035 |
|
|
|a (MiAaPQ)EBC2030600
|
| 035 |
|
|
|a (Au-PeEL)EBL2030600
|
| 035 |
|
|
|a (CaPaEBR)ebr11043407
|
| 035 |
|
|
|a (OCoLC)909899761
|
| 040 |
|
|
|a MiAaPQ
|b eng
|e rda
|e pn
|c MiAaPQ
|d MiAaPQ
|
| 050 |
|
4 |
|a HD62.15
|b .M437 2015
|
| 082 |
0 |
|
|a 658.562
|2 23
|
| 245 |
0 |
0 |
|a Measuring business excellence :
|b the journal of performance organizational management : translating triple top line strategy into triple bottom line performance: governance and innovation management and measurement for sustainable enterprise excellence /
|c guest editors, professor Andy Neely, Dr. Rick Edgeman and prof. Jacob Eskildsen.
|
| 264 |
|
1 |
|a [Bradford, England] :
|b Emerald :
|b Published in Association with the Performance Management Association,
|c [2015]
|
| 264 |
|
4 |
|c [2015]
|
| 300 |
|
|
|a 1 online resource (105 pages) :
|b illustrations.
|
| 336 |
|
|
|a text
|2 rdacontent
|
| 337 |
|
|
|a computer
|2 rdamedia
|
| 338 |
|
|
|a online resource
|2 rdacarrier
|
| 490 |
0 |
|
|a Measuring Business Excellence,
|x 1368-3047 ;
|v Volume 19, Number 1
|
| 504 |
|
|
|a Includes bibliographical references at the end of each chapters.
|
| 588 |
|
|
|a Description based on online resource; title from PDF title page (ebrary, viewed April 22, 2015).
|
| 590 |
|
|
|a Electronic reproduction. Ann Arbor, MI : ProQuest, 2015. Available via World Wide Web. Access may be limited to ProQuest affiliated libraries.
|
| 650 |
|
0 |
|a Total quality management.
|
| 655 |
|
4 |
|a Electronic books.
|
| 776 |
0 |
8 |
|i Print version:
|t Measuring business excellence : the journal of performance organizational management : translating triple top line strategy into triple bottom line performance: governance and innovation management and measurement for sustainable enterprise excellence.
|d [Bradford, England] : Emerald : Published in Association with the Performance Management Association, c[2015]
|h 102 pages
|z 9781785600883
|
| 797 |
2 |
|
|a ProQuest (Firm)
|
| 856 |
4 |
0 |
|u https://ebookcentral.proquest.com/lib/matrademy/detail.action?docID=2030600
|z Click to View
|